| 000 | 01443pam a2200349 a 4500 | ||
|---|---|---|---|
| 001 | 2617440 | ||
| 003 | SISC | ||
| 005 | 20160307143259.0 | ||
| 008 | 980917s1999 mnua c b 001 0 eng | ||
| 010 | _a 98045161 | ||
| 020 | _a0736801731 | ||
| 040 |
_aDLC _cDLC _dDLC |
||
| 042 | _alcac | ||
| 050 | 0 | 0 |
_aPN 1992.75 _b.H43 1999 |
| 082 | 0 | 0 |
_aHS 791.45 _bH34 1999 |
| 100 | 1 |
_aHeath, David _d1948- _911209 |
|
| 245 | 1 | 0 |
_aTelevision production assistant / _cDavid Heath. |
| 260 |
_aMankato, Minn. : _bCapstone High/Low Books, _cc1999. |
||
| 300 |
_a48 p. : _bcol. ill. ; _c23 cm. |
||
| 490 | 1 | _aCareers without college | |
| 500 | _aIncludes bibliographical references (p. 45) and index. | ||
| 520 | _aDescribes the position of television production assistant, covering the education and training requirements, duties, salary, and employment outlook. | ||
| 650 | 0 |
_aTelevision _xProduction and direction _xVocational guidance _xJuvenile literature. _911210 |
|
| 650 | 1 |
_aTelevision _xProduction and direction _xVocational guidance. _911211 |
|
| 650 | 1 |
_aVocational guidance. _92038 |
|
| 830 | 0 |
_aCareers without college (Mankato, Minn.) _910228 |
|
| 906 |
_a7 _bcbc _corignew _d1 _eocip _f19 _gy-gencatlg |
||
| 942 |
_2lcc _cBK |
||
| 999 |
_c8796 _d8796 |
||